000 00504nam a22001697a 4500
005 20251108175739.0
008 250721s2018 xx 000 0 ara d
082 1 4 _aم/341/مجذ
100 1 _aالمجذوب، محمد
245 1 0 _aالوسيط في القانون الدولي العام /
250 _a7
264 1 _aبيروت :
_bمنشورات الحلبي الحقوقية،
_c2018.
300 _a955 ص
650 1 7 _aالقانون الدولي
942 _2ddc
_cREF
999 _c141428
_d141428